000 00280nam a2200109Ia 4500
008 200302s9999 xx 000 0 und d
100 _aP. Bhatt
245 _aProgramming the Matrix Analysis of skeletal Structures
260 _bEllis Horwood Ltd.
260 _c1986
300 _a295 P.,
999 _c957
_d957